00648nam a2200241 a 4500001001300000003000900013005001700022008004100039020001000080082001300090100002100103245001900124260002900143300000900172500003500181505001000216650001600226700002100242902000800263942000700271952011300278999001500391nice12345678IN_TiNIC20260116011619.0050524s1955 mada grp 000 0 urd  ac10000a239bMAC aMachain, William aMasihi Masa`il aMadrasbSpck Pressc1955 a276p aincludes index and biblioraphy2 aIndex aApologetics1 aMachain, William bSRS cBK 001040708StackRoom-aHMIbHMId2007-06-21g100.00l0o239 MACp03931r2007-06-21v100.00w2005-05-24yBK c2902d2902